GNVQ advanced health and social care / (Record no. 5555)

MARC details
000 -LEADER
fixed length control field 01097nam a2200241Ia 4500
020 ## - INTERNATIONAL STANDARD BOOK NUMBER
ISBN 0748716939
022 ## - INTERNATIONAL STANDARD SERIAL NUMBER
ISSN 9780435452827
050 ## - CALL NUMBER
Classification number RA418
Item number Ad9
100 1# - AUTHOR
Personal name Richard Chaloner
245 10 - TITLE
Title GNVQ advanced health and social care /
Statement of responsibility, etc Richard Chaloner; Neil Moonie
250 ## - EDITION
Edition statement 2nd ed
260 ## - PUBLICATION INFORMATION
Place of publication Oxford :
Name of publisher Heinemann,
Year of publication 1999
300 ## - DESCRIPTION
Number of Pages vi, 642 pages :
Other physical details illustrations ;
Dimensions 27 cm.
440 ## - SERIES
SERIES Heinemann GNVQ
500 ## - NOTES
General note Includes indexes.
505 ## - FORMATTED CONTENTS NOTE
Table of Content 1. Equal opportunities and client rights; <br/>2. Interpersonal interaction in health and social care; <br/>3. Physical aspects of health and well-being; <br/>4. Health and social well-being - psycho-social aspects; <br/>5. The structure and development of health and social care services; <br/>6. Health and social care practice; <br/>7. Education for health and social well-being; <br/>8. Research perspectives in health and social care; <br/>9. Core skills.
650 #0 - SUBJECTS
Topical Term Medical care
General subdivision Study and teaching
650 #0 - SUBJECTS
Topical Term Social service
General subdivision
650 #0 - SUBJECTS
Topical Term Public health
700 1# - OTHER AUTHORS
Personal name Richard Chaloner
700 1# - OTHER AUTHORS
Personal name Neil Moonie
942 ## - ADDED ENTRY ELEMENTS (KOHA)
Koha item type Books
Holdings
Withdrawn status Lost status Collection code Home library Current library Shelving location Date acquired Full call number Accession Number Koha item type
    Reference Methodist University Library Main Methodist University Library Main General Stacks 28/10/2012 RA418 Ad9 1818 Books
    Reference Methodist University Library Main Methodist University Library Main General Stacks 28/10/2012 RA418 Ad9 1819 Books
Copyright © 2026  MUG Library